Isoperimetric inequalities : differential geometric and analytic perspectives

Αποθηκεύτηκε σε:
Λεπτομέρειες βιβλιογραφικής εγγραφής
Κύριος συγγραφέας: Chavel, Isaac
Μορφή: Βιβλίο
Γλώσσα:English
Δημοσίευση: Cambridge ; New York : Cambridge University Press, 2001
Σειρά:Cambridge tracts in mathematics ; ; 145
Θέματα:
Ετικέτες: Προσθήκη ετικέτας
Δεν υπάρχουν, Καταχωρήστε ετικέτα πρώτοι!

MARC

LEADER 00000nam a2200000 i 4500
001 1/40390
008 030910s2001 eng d
020 |a 0-521-80267-9 
035 |l 10070799 
040 |a GR-MY-UA  |b gre  |e aacr 
041 0 |a eng 
082 0 |a 516.36 
100 1 |a Chavel, Isaac. 
245 1 0 |a Isoperimetric inequalities :  |b differential geometric and analytic perspectives /  |c Isaac Chavel 
260 |a Cambridge ; New York :   |b Cambridge University Press,   |c 2001 
300 |a xii, 268 p.;  |b ill.;  |c 24 cm. 
490 1 |a Cambridge tracts in mathematics  |v ; 145 
504 |a Includes bibliographical references and indexes 
650 0 0 |a Geometry, Differential. 
650 0 0 |a Isoperimetric inequalities. 
650 0 0 |a Riemannian manifolds. 
830 0 |a Cambridge tracts in mathematics ;  |v ; 145 
852 |a INST  |b SAMOS  |e 20030910  |h 516.36 CHA  |p 005300023918  |q 005300023918  |t BK  |y 0 
901 |a BIBL3-2003-3 
909 |a Σ  |b 105915 
922 |a 3ΕΛΗ  |b 200306  |c ΕΠΕΑΕΚ2/ΤΜΗΜΑ ΜΑΘΗΜΑΤΙΚΩΝ  |d ΜΙΧΑΛΟΠΟΥΛΟΣ 
950 |a 116-2003-06-13 
970 |a ΚΟΣΙΕΡΗΣ  |b ΧΡΗΣΤΟΣ  |z 2003/09/16